Multi-Category Minefield Blitz XX Quiz Stats

 Plays Quiz Updated Jul 5, 2017

Support Sporcle.
Go Orange.
Score 0/30 Timer 01:00
8 Plays Today
% Correct
???
58.5%
???
57.6%
???
56.5%
???
54.6%
???
54.5%
???
53.8%
???
53.6%
???
53.1%
???
52.7%
???
52.1%
???
51.7%
???
50.6%
???
50.6%
???
50.4%
???
49.5%
% Correct
???
49.4%
???
48.9%
???
48.4%
???
48.3%
???
47.8%
???
47%
???
46.9%
???
46.5%
???
46.2%
???
45.2%
???
44.9%
???
40.5%
???
38.5%
???
35.4%
???
34.8%

You're not logged in!

Compare scores with friends on all Sporcle quizzes.
OR
Log In
Forgot?

From the Vault

Is That French?

by strokes_static

This quiz gave us a craving for French Toast.
Remove Ads.
Support Sporcle.
Get the best of Sporcle when you Go Orange. This ad-free experience offers more features, more stats, and more fun while also helping to support Sporcle. Thank you for becoming a member.

Show Comments

Extras

Top Quizzes Today


Score Distribution

Your Account Isn't Verified!

In order to create a playlist on Sporcle, you need to verify the email address you used during registration. Go to your Sporcle Settings to finish the process.

Report this User

Report this user for behavior that violates our Community Guidelines.

Details: